[Event "UKR-ch 91st"]
[Site "Poltava"]
[Date "2023.12.11"]
[Round "3"]
[White "Berin, Artem"]
[Black "Filippskikh, Oleksii"]
[Result "1-0"]
[WhiteElo "2321"]
[BlackElo "1968"]
[PlyCount "47"]
[EventDate "2023.12.09"]
[EventType "swiss"]
[EventRounds "9"]
[EventCountry "UKR"]
[SourceTitle "CB51_2023"]
[SourceDate "2023.12.20"]
[SourceVersion "1"]
[SourceVersionDate "2023.12.20"]
[SourceQuality "1"]

1. d4 d5 2. c4 e6 3. Nc3 a6 4. cxd5 exd5 5. Qb3 c5 6. Nxd5 Nc6 7. Bg5 Nxd4 8. Bxd8 Nxb3 9. Rd1 Nd4 10. Nc7+ Kxd8 11. Nxa8 Bd7 12. e3 Ne6 13. Nb6 Nf6 14. Nf3 Kc7 15. Nxd7 Nxd7 16. Bc4 Be7 17. a4 Bf6 18. b3 Rb8 19. 0-0 b5 20. axb5 axb5 21. Be2 Rb6 22. Nd2 Nb8 23. Ne4 Be7 24. Nc3 1-0

[Event "Wch Disabilities 5th"]
[Site "Lublin"]
[Date "2023.08.22"]
[Round "4"]
[White "Pulvett Marin, Daniel Eduardo"]
[Black "Filippskikh, Oleksii"]
[Result "1-0"]
[WhiteElo "2496"]
[BlackElo "2009"]
[PlyCount "93"]
[EventDate "2023.08.19"]
[EventType "swiss"]
[EventRounds "9"]
[EventCountry "POL"]
[SourceTitle "CBM 215 Extra"]
[Source "ChessBase"]
[SourceDate "2023.09.30"]
[SourceVersion "1"]
[SourceVersionDate "2023.09.30"]
[SourceQuality "1"]

1. d4 Nf6 2. c4 g6 3. Nc3 Bg7 4. e4 d6 5. Nf3 0-0 6. Be2 e5 7. d5 Nbd7 8. Be3 Ng4 9. Bg5 f6 10. Bd2 f5 11. Ng5 Nc5 12. b4 fxe4 13. 0-0 e3 14. Bxg4 Qxg5 15. Bxc8 exd2 16. bxc5 Raxc8 17. Ne4 Qe7 18. Qxd2 Rf4 19. f3 Bh6 20. Qd3 b6 21. c6 a5 22. Rab1 Rf7 23. g3 Bf8 24. Kg2 Bh6 25. Rb5 Rcf8 26. a4 Rd8 27. Qb3 Qe8 28. Rd1 Kg7 29. Qc3 Kg8 30. Rb2 Rb8 31. Qb3 Rd8 32. Qb5 Be3 33. Rb3 Bh6 34. c5 bxc5 35. Qxa5 c4 36. Rb7 Qf8 37. Qc3 Ra8 38. Rdb1 Kg7 39. a5 g5 40. h3 Qc8 41. g4 Qf8 42. Ra1 Kg8 43. a6 Rf4 44. a7 Rxe4 45. fxe4 Qf4 46. Rb8+ Kg7 47. Rxa8 1-0

[Event "Malakhatko Memorial op"]
[Site "Chess.com INT"]
[Date "2023.06.14"]
[Round "5"]
[White "Filippskikh, Oleksii"]
[Black "Abarca Gonzalez, Nicolas"]
[Result "0-1"]
[WhiteElo "2009"]
[BlackElo "2387"]
[PlyCount "30"]
[EventDate "2023.06.14"]
[EventType "swiss (blitz)"]
[EventRounds "11"]
[EventCountry "USA"]
[SourceTitle "CBM 214 Extra"]
[Source "ChessBase"]
[SourceDate "2023.07.31"]
[SourceVersion "1"]
[SourceVersionDate "2023.07.31"]
[SourceQuality "1"]

1. d4 Nf6 2. c4 e5 3. dxe5 Ng4 4. Nf3 Bc5 5. e3 Nc6 6. Nc3 Ngxe5 7. Be2 0-0 8. 0-0 Nxf3+ 9. Bxf3 Ne5 10. Be2 Re8 11. b3 a5 12. Bb2 Ra6 13. f4 Bxe3+ 14. Kh1 Rh6 15. fxe5 Rxh2+ 0-1

[Event "Malakhatko Memorial op"]
[Site "Chess.com INT"]
[Date "2023.06.14"]
[Round "9"]
[White "Filippskikh, Oleksii"]
[Black "Zavgorodniy, Sergiy"]
[Result "0-1"]
[WhiteElo "2009"]
[BlackElo "2416"]
[PlyCount "122"]
[EventDate "2023.06.14"]
[EventType "swiss (blitz)"]
[EventRounds "11"]
[EventCountry "USA"]
[SourceTitle "CBM 214 Extra"]
[Source "ChessBase"]
[SourceDate "2023.07.31"]
[SourceVersion "1"]
[SourceVersionDate "2023.07.31"]
[SourceQuality "1"]

1. d4 Nf6 2. Nf3 d6 3. c4 Nbd7 4. g3 c6 5. Bg2 e5 6. Nc3 e4 7. Ng5 d5 8. cxd5 cxd5 9. f3 exf3 10. Nxf3 Be7 11. 0-0 0-0 12. Bg5 h6 13. Bxf6 Nxf6 14. Ne5 Re8 15. e4 dxe4 16. Nxe4 Nxe4 17. Bxe4 Bf6 18. Kg2 Be6 19. Qd3 Bxe5 20. dxe5 Qxd3 21. Bxd3 Bd5+ 22. Kg1 Rxe5 23. Rfe1 Rae8 24. Kf2 Rxe1 25. Rxe1 Rxe1 26. Kxe1 Bxa2 27. Be4 b6 28. Kd2 Bc4 29. Kc3 Bf1 30. Kd4 Ba6 31. Ke5 g5 32. Kf6 Bc4 33. Bc6 b5 34. b4 Kf8 35. h4 gxh4 36. gxh4 Bd3 37. Bd7 a5 38. bxa5 b4 39. Ba4 Bc4 40. Ke5 b3 41. Kd4 b2 42. Bc2 Ba6 43. Kc3 Ke7 44. Kxb2 Kd6 45. Kc3 Ke5 46. Bb3 f5 47. Kd2 Kf4 48. h5 Kg3 49. Bd5 f4 50. Kc3 f3 51. Bxf3 Kxf3 52. Kd4 Kg4 53. Ke5 Kxh5 54. Kf5 Kh4 55. Kf4 h5 56. Kf3 Kg5 57. Kg3 h4+ 58. Kh3 Bc8+ 59. Kh2 Kg4 60. Kg1 Kg3 61. Kh1 h3 0-1

[Event "Kiev Spring op"]
[Site "Kiev"]
[Date "2023.03.30"]
[Round "8"]
[White "Filippskikh, Oleksii"]
[Black "Tretyak, Kyryl"]
[Result "1/2-1/2"]
[WhiteElo "2037"]
[BlackElo "1487"]
[PlyCount "95"]
[EventDate "2023.03.25"]
[EventType "swiss"]
[EventRounds "9"]
[EventCountry "UKR"]
[SourceTitle "EXT 2024"]
[Source "ChessBase"]
[SourceDate "2023.10.10"]
[SourceVersion "1"]
[SourceVersionDate "2023.10.10"]
[SourceQuality "1"]

1. d4 d5 2. c4 e6 3. g3 c6 4. Nf3 Nf6 5. Bg2 dxc4 6. Ne5 Bb4+ 7. Bd2 Be7 8. Bc3 0-0 9. a4 Nd5 10. a5 Nd7 11. Nxc4 Qc7 12. 0-0 Rd8 13. e4 Nxc3 14. Nxc3 b5 15. axb6 Nxb6 16. Ne3 Bb7 17. Qc2 a6 18. Rfd1 Rd7 19. Qb3 Bf6 20. e5 Be7 21. Ne4 Rad8 22. Nc5 Bxc5 23. dxc5 Rxd1+ 24. Rxd1 Rxd1+ 25. Qxd1 Nd7 26. Nc4 Nxc5 27. Qd4 Nd7 28. Qa7 Qb8 29. Qxb8+ Nxb8 30. Na5 Ba8 31. f4 Kf8 32. Kf2 Ke7 33. Ke3 Kd7 34. Be4 h6 35. Nc4 Ke7 36. Na5 Kd8 37. g4 Nd7 38. Nxc6+ Kc7 39. Nb4 Bxe4 40. Kxe4 a5 41. Nd3 Kc6 42. Kd4 Kb5 43. f5 Nf8 44. h4 Nh7 45. Kc3 Nf8 46. Kd4 Nh7 47. Kc3 Nf8 48. Kd4 1/2-1/2

[Event "Brno op 9th"]
[Site "Brno"]
[Date "2019.11.04"]
[Round "2"]
[White "Skurikhin, Dmitrij"]
[Black "Filippskikh, Oleksii"]
[Result "1-0"]
[WhiteElo "2295"]
[BlackElo "1966"]
[PlyCount "55"]
[EventDate "2019.11.03"]
[EventType "swiss"]
[EventRounds "7"]
[EventCountry "CZE"]
[SourceTitle "CBM 193 Extra"]
[Source "ChessBase"]
[SourceDate "2020.01.31"]
[SourceVersion "1"]
[SourceVersionDate "2020.01.31"]
[SourceQuality "1"]

1. e4 c5 2. Nf3 Nc6 3. Bb5 d6 4. d4 cxd4 5. Qxd4 Bd7 6. Bxc6 Bxc6 7. c4 Nf6 8. Nc3 g6 9. Qd3 Bg7 10. 0-0 0-0 11. h3 a5 12. Be3 Nd7 13. Nd4 Nc5 14. Qc2 Ne6 15. Ndb5 f5 16. f3 f4 17. Bf2 Rc8 18. Rad1 Bxb5 19. Nxb5 Qe8 20. Qd2 Qf7 21. b3 a4 22. Na7 axb3 23. Nxc8 bxa2 24. Nb6 a1Q 25. Rxa1 Bxa1 26. Rxa1 Qf6 27. Rb1 Ng5 28. Nd7 1-0

[Event "UKR-ch Silent"]
[Site "Kharkov"]
[Date "2019.04.13"]
[Round "8"]
[White "Filippskikh, Oleksii"]
[Black "Kovalenko, Vladimir N"]
[Result "1/2-1/2"]
[WhiteElo "1964"]
[BlackElo "2073"]
[PlyCount "48"]
[EventDate "2019.04.06"]
[EventType "swiss"]
[EventRounds "9"]
[EventCountry "UKR"]
[SourceTitle "EXT 2020"]
[Source "ChessBase"]
[SourceDate "2019.10.17"]
[SourceVersion "1"]
[SourceVersionDate "2019.10.17"]
[SourceQuality "1"]

1. d4 c5 2. Nf3 cxd4 3. Nxd4 Nc6 4. Nc3 g6 5. e4 Bg7 6. Be3 Nf6 7. Be2 d6 8. f3 0-0 9. Qd2 Nxd4 10. Bxd4 Be6 11. 0-0 Qa5 12. Rad1 Rfc8 13. Nd5 Qxd2 14. Rxd2 Bxd5 15. exd5 Nd7 16. Bxg7 Kxg7 17. c4 a5 18. Rb1 Nb6 19. Rc1 Nd7 20. Rb1 Nb6 21. Rc1 Nd7 22. Rb1 Nb6 23. Rc1 Nd7 24. Rb1 Kg8 1/2-1/2

[Event "UKR-ch Silent"]
[Site "Kharkov"]
[Date "2019.04.11"]
[Round "6"]
[White "Filippskikh, Oleksii"]
[Black "Babiy, Petr"]
[Result "1-0"]
[WhiteElo "1964"]
[BlackElo "2055"]
[PlyCount "65"]
[EventDate "2019.04.06"]
[EventType "swiss"]
[EventRounds "9"]
[EventCountry "UKR"]
[SourceTitle "EXT 2020"]
[Source "ChessBase"]
[SourceDate "2019.10.17"]
[SourceVersion "1"]
[SourceVersionDate "2019.10.17"]
[SourceQuality "1"]

1. Nf3 Nf6 2. g3 d5 3. Bg2 g6 4. 0-0 Bg7 5. d4 0-0 6. c4 c6 7. b3 Ne4 8. Bb2 dxc4 9. bxc4 Qb6 10. Qb3 Na6 11. Nc3 Nxc3 12. Bxc3 Nc5 13. Qa3 Ne6 14. Rab1 Qc7 15. Rfd1 b6 16. Bb4 Re8 17. d5 Nd8 18. c5 Bb7 19. e4 e6 20. d6 Qd7 21. e5 f6 22. Bc3 fxe5 23. Nxe5 Bxe5 24. Bxe5 Nf7 25. Ba1 e5 26. Qb2 b5 27. f4 Rad8 28. Re1 Qf5 29. fxe5 Re6 30. Rf1 Qxe5 31. Qxe5 Nxe5 32. Rbe1 Rde8 33. Bxe5 1-0

[Event "UKR-ch Silent"]
[Site "Kharkov"]
[Date "2019.04.08"]
[Round "3"]
[White "Openyshev, Volodymyr"]
[Black "Filippskikh, Oleksii"]
[Result "1/2-1/2"]
[WhiteElo "1961"]
[BlackElo "1964"]
[PlyCount "63"]
[EventDate "2019.04.06"]
[EventType "swiss"]
[EventRounds "9"]
[EventCountry "UKR"]
[SourceTitle "EXT 2020"]
[Source "ChessBase"]
[SourceDate "2019.10.17"]
[SourceVersion "1"]
[SourceVersionDate "2019.10.17"]
[SourceQuality "1"]

1. d4 Nf6 2. Nd2 d5 3. Ngf3 e6 4. g3 b5 5. Bg2 Bb7 6. Ne5 Nbd7 7. 0-0 Nxe5 8. dxe5 Nd7 9. f4 Bc5+ 10. Kh1 0-0 11. Nf3 f6 12. exf6 Nxf6 13. c3 Ne4 14. Nd4 Qf6 15. Be3 Qh6 16. Bxe4 dxe4 17. Qb3 Bxd4 18. cxd4 Bd5 19. Qc2 c6 20. Qd2 Qh3 21. Qe1 Rf5 22. Qf2 Rh5 23. a4 b4 24. a5 Rf8 25. Rg1 Qg4 26. Ra4 Rb8 27. Qe1 b3 28. Rg2 Rf5 29. Rb4 Rbf8 30. Kg1 Qg6 31. Qc3 Qe8 32. Rf2 1/2-1/2